The research adventure : (Record no. 57706)
[ view plain ]
| 000 -LEADER | |
|---|---|
| fixed length control field | 00806nam a2200253 a 4500 |
| 001 - CONTROL NUMBER | |
| control field | 57706 |
| 003 - CONTROL NUMBER IDENTIFIER | |
| rucl marc code | BD-RJUL |
| 005 - DATE AND TIME OF LATEST TRANSACTION | |
| control field | 20211209080538.0 |
| 008 - FIXED-LENGTH DATA ELEMENTS--GENERAL INFORMATION | |
| fixed length control field | 161211s1972 nyu b 001 0 eng d |
| 020 ## - INTERNATIONAL STANDARD BOOK NUMBER | |
| International Standard Book Number | 0394317092 |
| 035 ## - SYSTEM CONTROL NUMBER | |
| System control number | (BD-RJUL)57830 |
| 040 ## - CATALOGING SOURCE | |
| Original cataloging agency | DLC |
| Transcribing agency | DLC |
| Modifying agency | OClW-H |
| -- | m.c. |
| -- | BD-RJUL |
| Language of cataloging | eng |
| 041 ## - LANGUAGE CODE | |
| Language code of text/sound track or separate title | eng |
| 082 ## - DEWEY DECIMAL CLASSIFICATION NUMBER | |
| Edition number | 23 |
| Classification number | 300.72 |
| Author mark and year | GLR 1972 |
| 100 10 - MAIN ENTRY--PERSONAL NAME | |
| Personal name | Glazer, Myron. |
| 9 (RLIN) | 171379 |
| 245 14 - TITLE STATEMENT | |
| Title | The research adventure : |
| Remainder of title | promise and problems of field work / |
| Statement of responsibility, etc. | Myron Glazer ; with a foreword by Peter I. Rose. |
| 260 ## - PUBLICATION, DISTRIBUTION, ETC. (IMPRINT) | |
| Place of publication, distribution, etc. | New York : |
| Name of publisher, distributor, etc. | Random House, |
| Date of publication, distribution, etc. | c1972. |
| 300 ## - PHYSICAL DESCRIPTION | |
| Pagination | xviii, 203 p. ; |
| Size | 21 cm. |
| 504 ## - BIBLIOGRAPHY, ETC. NOTE | |
| Bibliography, etc | Includes index and Bibliography: p. 193-199. |
| 650 #0 - SUBJECT ADDED ENTRY--TOPICAL TERM | |
| Topical term or geographic name as entry element | Social sciences |
| General subdivision | Methodology. |
| 9 (RLIN) | 170806 |
| 700 ## - ADDED ENTRY--PERSONAL NAME | |
| Personal name | Rose, Peter I. |
| 942 ## - ADDED ENTRY ELEMENTS (KOHA) | |
| Source of classification or shelving scheme | Dewey Decimal Classification |
| Koha item type | Books |
| Lost status | Source of classification or shelving scheme | Damaged status | Not for loan | Collection code | Permanent Location | Current Location | Shelving location | Date acquired | Source of acquisition | Total Checkouts | Full call number | Date last seen | Copy number | Koha item type |
|---|---|---|---|---|---|---|---|---|---|---|---|---|---|---|
| Dewey Decimal Classification | Not For Loan | Non-fiction | Central Library, University of Rajshahi | Central Library, University of Rajshahi | Reading Room | 02/04/1977 | Lions Internationals | 300.72 GLR 1972 | 11/12/2016 | C-1 | Books |